000 00545nam a22002057a 4500
003 OSt
005 20140310184421.0
008 131008t xxu||||| |||| 00| 0 eng d
020 _a9780545103770
050 _aPZ 7
_b.St857Sww 2011
100 _aStilton, Geronimo
245 _aSave the white whale /
_bGeronimo Stilton.
260 _aNew York :
_bScholastic Inc.,
_c2010
300 _a109 p. :
_bill. col. ;
_c20 cm.
521 _aG3
526 _c580
650 _aFiction
_xJuvenile
_926638
942 _2lcc
_cBK-SCHOLAS
999 _c34238
_d34238